|
|
|
|
| LEADER |
00000nam a2200000 a 4500 |
| 001 |
vtls001177616 |
| 003 |
SK-MaSNL |
| 005 |
20260301112225.0 |
| 008 |
250414s1985 IT 0 slo |
| 015 |
|
|
|a SNBZSA1990
|
| 020 |
|
|
|a 0919865186
|
| 035 |
|
|
|a SNK000120617
|
| 035 |
|
|
|a urn:nbn:sk:snk-amlm48
|
| 035 |
|
|
|a urn:nbn:sk:snk-am00byok
|
| 035 |
|
|
|a FFE558E9-AE52-429A-8FD9-E7B2D528821C
|
| 040 |
|
|
|a SNK
|b slo
|c SNK
|e AACR2
|
| 041 |
0 |
|
|a slo
|
| 044 |
|
|
|a IT
|
| 080 |
|
|
|a 378(437.6-25):371.87
|2 1981
|
| 080 |
|
|
|a 371.87
|2 1981
|
| 080 |
|
|
|a 262.14
|2 1981
|
| 080 |
|
|
|a 929
|2 1981
|
| 080 |
|
|
|a 929 Filkorn, Eugen
|2 1981
|
| 245 |
0 |
0 |
|a Eugen Filkorn, zakladateľ Svoradova
|b priehrštie spomienok
|c zostavil František Braxátor ; predhovor Ján Gunčaga
|
| 250 |
|
|
|a 1. vyd.
|
| 260 |
|
|
|a Rím
|b Ústredie slov. katolíckej inteligencie
|c 1985
|e Cambridge
|f Priatelia Dobrej knihy
|
| 300 |
|
|
|a 218 s.
|b Fot.
|c 20 cm
|
| 500 |
|
|
|a Lit. 87 zázn. v slov. a angl.
|
| 600 |
1 |
7 |
|a Filkorn, Eugen,
|d 1881-1974
|2 SNKMA
|9 200775
|
| 610 |
2 |
7 |
|a Svoradov (vysokoškolský internát : Bratislava, Slovensko)
|2 SNKKA
|9 452637
|
| 650 |
0 |
7 |
|a katolícki kňazi
|2 SNKPH
|9 1290
|
| 655 |
|
7 |
|a biografie
|2 SNKPH
|9 27965
|
| 700 |
1 |
|
|a Braxátor, František,
|d 1920-1991
|4 com
|9 38590
|
| 700 |
1 |
|
|a Gunčaga, Ján,
|d 1923-2010
|4 aui
|9 205317
|
| 852 |
|
|
|a Slovenská národná knižnica
|
| 919 |
|
|
|a 0-919865-18-6
|
| 954 |
|
|
|a vysokoškoláci slovenskí
|a Svoradov (internát vysokoškol.)
|
| 958 |
|
|
|a [NB87]
|
| 958 |
|
|
|a [CA]
|
| 958 |
|
|
|a BX
|
| 958 |
|
|
|a TL
|
| 958 |
|
|
|a ZB
|
| 958 |
|
|
|a NB
|
| 958 |
|
|
|a ZS
|
| 958 |
|
|
|a OND
|
| 999 |
|
|
|c 709804
|d 711734
|
| 952 |
|
|
|t P60, <03>, [BOOK], {603}
|a SNK
|b SNK
|y PREZ
|7 0
|p 17A0163006
|o snkSD 62237
|0 0
|1 0
|4 0
|d 1998-10-07
|f 1
|l 0
|r 2005-01-01 00:00:00
|w 2026-02-23
|
| 952 |
|
|
|t P60, <04>, [BOOK], {604}
|a SNK
|b SNK
|y VYP
|7 0
|p 17A0248102
|o snkSD 62237 D2
|0 0
|1 0
|4 0
|d 2000-08-02
|l 0
|r 2005-01-01 00:00:00
|w 2026-02-23
|
| 952 |
|
|
|t P60, <04>, [BOOK], {604}
|a SNK
|b SNK
|y VYP
|7 0
|p 17A0350825
|o snkSD 62237 D1
|0 0
|1 0
|4 0
|d 2002-08-19
|l 0
|r 2005-01-01 00:00:00
|w 2026-02-23
|